| 000 | 00358nam a2200145Ia 4500 | ||
|---|---|---|---|
| 005 | 20251222152606.0 | ||
| 008 | 251222s9999||||xx |||||||||||||| ||spa|| | ||
| 020 | _a9789972051340 | ||
| 082 | _a238.2/P29 | ||
| 100 | _aConferencia Episcopal Peruana | ||
| 245 | 0 | _aCatecismo de la Iglesia Católica | |
| 250 | _a2da.ed. | ||
| 264 | _bPaulinas | ||
| 942 | _cLIB | ||
| 999 |
_c26802 _d26802 |
||